ბათუმის შოთა რუსთაველის სახელმწიფო უნივერსიტეტის ბიბლიოთეკა

მსოფლიოში პირველი (ბიბ.ჩანაწერი № 49787)

000 -LEADER
fixed length control field 00962nam a2200241Ia 4500
001 - CONTROL NUMBER
control field 16722
003 - CONTROL NUMBER IDENTIFIER
control field GE_BSU
008 - FIXED-LENGTH DATA ELEMENTS--GENERAL INFORMATION
fixed length control field 181216s||||||||xx |||||||||||||| ||und||
040 ## - CATALOGING SOURCE
Transcribing agency GE_BSU
080 ## - UNIVERSAL DECIMAL CLASSIFICATION NUMBER
Universal Decimal Classification number 087.5:656.2(479.22)
100 ## - MAIN ENTRY--PERSONAL NAME
Personal name ვაისერმანი, კონსტანტინე
245 ## - TITLE STATEMENT
Title მსოფლიოში პირველი
245 ## - TITLE STATEMENT
Remainder of title თბილისის საბავშვო რკინიგზა
245 ## - TITLE STATEMENT
Statement of responsibility, etc. რედ.ლ.ერისთავი. მხ.ნ.ლაფაჩი
260 ## - PUBLICATION, DISTRIBUTION, ETC.
Place of publication, distribution, etc. თბილისი
260 ## - PUBLICATION, DISTRIBUTION, ETC.
Name of publisher, distributor, etc. ნაკადული
260 ## - PUBLICATION, DISTRIBUTION, ETC.
Date of publication, distribution, etc. 1978
300 ## - PHYSICAL DESCRIPTION
Extent 102გვ. : ილ. ; 20სმ
653 ## - INDEX TERM--UNCONTROLLED
Uncontrolled term თბილისის საბავშვო რკინიგზა
653 ## - INDEX TERM--UNCONTROLLED
Uncontrolled term მსოფლიოში პირველი
653 ## - INDEX TERM--UNCONTROLLED
Uncontrolled term საბავშვო რკინიგზები საქართველოში
942 ## - ADDED ENTRY ELEMENTS (KOHA)
Koha item type წიგნი
ეგზემპლარები
Withdrawn status Lost status Damaged status Not for loan Date acquired Barcode Date last seen Price effective from Koha item type
        2018-12-17 21251 2018-12-17 2018-12-17 წიგნი